Stadium Buildings (Record no. 10317)

000 -LEADER
fixed length control field 00390nam a2200169Ia 4500
003 - CONTROL NUMBER IDENTIFIER
control field OSt
005 - DATE AND TIME OF LATEST TRANSACTION
control field 20220311182034.0
008 - FIXED-LENGTH DATA ELEMENTS--GENERAL INFORMATION
fixed length control field 220308s9999 xx 000 0 und d
020 ## - INTERNATIONAL STANDARD BOOK NUMBER
International Standard Book Number 9783869224152
082 ## - DEWEY DECIMAL CLASSIFICATION NUMBER
Classification number 725.827
Item number MAR
100 ## - MAIN ENTRY--PERSONAL NAME
Personal name  Martin Wimmer 
245 #0 - TITLE STATEMENT
Title Stadium Buildings
260 ## - PUBLICATION, DISTRIBUTION, ETC. (IMPRINT)
Name of publisher, distributor, etc  ‎ DOM Publishers (3 May 2016)
365 ## - TRADE PRICE
Price type code EUR
365 ## - TRADE PRICE
Unit of pricing 88
942 ## - ADDED ENTRY ELEMENTS (KOHA)
Source of classification or shelving scheme
Holdings
Withdrawn status Lost status Source of classification or shelving scheme Damaged status Koha normalized classification for sorting Not for loan Permanent location Current location Date acquired Source of acquisition Cost, normal purchase price Total Checkouts Total Renewals Full call number Barcode Date last seen Date last borrowed Cost, replacement price Price effective from Koha item type
        725_827000000000000_MAR   BMS College of Architecture, Design and Planning BMS College of Architecture, Design and Planning 2022-03-12 1 5593.28 5 1 725.827 MAR AR-UG2483 2025-09-26 2025-08-12 7990.40 2022-03-12 UG Books
Copyright © 2025, The Librarian, Library and Information Centre, BMSCA D&P, Bengaluru. All Rights Reserved
web counter

Powered by Koha